000 00637nam a2200205Ii 4500
001 2741
003 CO-ViMGA
008 241108s9999||||xx |||||||||||||| ||und||
040 _aCO-ViMGA
_bspa
_erda
_cCO-ViMGA
041 0 _aspa
082 0 4 _aC861.26-B566
100 1 _aGisela Beutter
_947391
245 1 0 _aEstudios sobre el Romancero Español en Colombia
264 1 _aBogotá, Colombia : Imprenta Patriótica del Instituto Caro y Cuervo, 1977
300 _avolumen
336 _atext
_btxt
_2rdacontent
337 _aunmediated
_bn
_2rdamedia
338 _avolume
_bnc
_2rdacarrier
940 _aidficha_siabuc: 2681. -- ficha_no_siabuc:2741
999 _c41976
_d41976